000
00331nam a2200145Ia 4500
005
20250323120434.0
008
240331s9999 xx 000 0 und d
082
_b
Moh
_a
894
100
_a
Mohan, C
245
0
_a
Nadai vazhik kuripuhal
260
_a
Kumbakonam
_b
Akaram
_c
2000
300
_a
120 p .,
650
_a
Essays
942
_c
L
999
_c
4070
_d
4070